Tvorivý učiteľ fyziky XII národný festival fyziky 2020 : Kongresové centrum SAV Smolenice, 21.-23. september 2020

Bibliographic Details
Corporate Author: Tvorivý učiteľ fyziky Smolenice, Slovensko (Author)
Other Authors: Kireš, Marián, 1969- (Editor)
Format: Conference Proceeding Book
Language:Slovak
PhysicalDescription:143 strán fotografie, grafy, ilustrácie, schémy, tabuľky 21 cm
Published: Bratislava Slovenská fyzikálna spoločnosť 2021
ISBN:9788089855155
Subjects:

MARC

LEADER 00000cam a2200000 4500
001 vtls012144872
003 SK-MaSNL
005 20260302025308.0
008 220727s2021 xo oda frn 100 0 slo
015 |a SNBA2022/11 
020 |a 9788089855155  |q (brožované) 
040 |a SNK  |b slo  |c SNK  |e rda 
041 0 |a slo 
044 |a xo  |c SK 
072 7 |a 53  |x Fyzika  |2 konspekt 
072 7 |a 371  |x Školstvo (organizácia)  |2 konspekt 
080 |a 53  |2 2011 
080 |a 37.091.3  |2 2011 
080 |a (062.534)  |2 2011 
111 2 |a Tvorivý učiteľ fyziky  |n (12. :  |d 2020 :  |c Smolenice, Slovensko)  |4 aut  |9 674423 
245 1 0 |a Tvorivý učiteľ fyziky XII  |b národný festival fyziky 2020 : Kongresové centrum SAV Smolenice, 21.-23. september 2020  |c editor: Marián Kireš 
264 1 |a Bratislava  |b Slovenská fyzikálna spoločnosť  |c 2021 
300 |a 143 strán  |b fotografie, grafy, ilustrácie, schémy, tabuľky  |c 21 cm 
336 |a text  |b txt  |2 rdacontent 
337 |a bez média  |b n  |2 rdamedia 
338 |a zväzok  |b nc  |2 rdacarrier 
366 |e 50 kusov 
500 |a Názov z obalu 
500 |a Na obale je uvedené miesto vydania Košice 
504 |a Obsahuje bibliografiu a bibliografické odkazy 
650 0 7 |a fyzika  |2 SNKPH  |9 816 
650 0 7 |a štúdium a výučba  |2 SNKPH  |9 3982 
650 0 7 |a Physics  |2 SNKPHeng  |9 266045 
650 0 7 |a Study and teaching  |2 SNKPHeng  |9 265408 
655 7 |a zborníky konferencií  |2 SNKPH  |9 70153 
655 7 |a Proceedings of conferences  |2 SNKPHeng  |9 265791 
700 1 |a Kireš, Marián,  |d 1969-  |4 edt  |9 233255 
919 |a 978-80-89855-15-5 
954 |a odborná, vedecká literatúra pôvodná (slovenská)  |2 lita 
958 |a NB 
999 |c 1043640  |d 1045570 
952 |a SNK  |b SNK  |y PREZ  |7 0  |p 17A1492472  |o snkSC 198436  |i snk2022/11764  |8 0  |0 0  |1 0  |4 0  |d 2022-07-27  |f 1  |l 0  |r 2025-10-21 00:00:00  |w 2026-02-24 
952 |a SNK  |b SNK  |y VYP  |7 0  |p 17A1492473  |o snkSC 198436 D1  |i snk2022/11765  |8 0  |0 0  |1 0  |4 0  |d 2022-07-27  |l 0  |r 2026-02-24 14:31:40  |w 2026-02-24